| Tag |
First Indicator |
Second Indicator |
Subfields |
| LEADER |
00000cam a2200000 a 4500 |
| 001 |
in00000069418 |
| 005 |
20151008053351.0 |
| 008 |
820918s1930 nyu b 00010 engm |
| 010 |
|
|
|a 31011375
|
| 035 |
|
|
|a (OCoLC)08787109
|
| 035 |
|
|
|9 AAH7193AM
|
| 040 |
|
|
|a DLC
|c TXA
|d UtOrBLW
|
| 049 |
|
|
|a TXAM
|c [1654245]
|
| 050 |
0 |
0 |
|a PA6320
|b L5 1930
|
| 100 |
1 |
|
|a Litman, Alexander.
|
| 245 |
1 |
0 |
|a Cicero's doctrine of nature and man /
|c by Alexander Litman.
|
| 264 |
|
1 |
|a New York,
|b [publisher not identified] ;
|c 1930.
|
| 300 |
|
|
|a 41 pages ;
|c 23 cm.
|
| 336 |
|
|
|a text
|b txt
|2 rdacontent
|
| 337 |
|
|
|a unmediated
|b n
|2 rdamedia
|
| 338 |
|
|
|a volume
|b nc
|2 rdacarrier
|
| 502 |
|
|
|b Ph. D.
|c Columbia University
|d 1930.
|
| 504 |
|
|
|a Includes bibliographical references.
|
| 600 |
1 |
0 |
|a Cicero, Marcus Tullius.
|
| 650 |
|
0 |
|a Philosophy, Ancient.
|
| 999 |
|
|
|a MARS
|
| 999 |
f |
f |
|s 3b85d5f9-233e-319e-bfd0-58e7651a33f2
|i 48b60587-fe24-38b9-9d52-52d28b4f0ef9
|t 0
|
| 952 |
f |
f |
|p normal
|a Texas A&M University
|b College Station
|c Sterling C. Evans Library
|d Evans: Library Stacks
|t 0
|e PA6320 L5 1930
|h Library of Congress classification
|i unmediated -- volume
|m A14805957267
|
| 998 |
f |
f |
|a PA6320 L5 1930
|t 0
|l Evans: Library Stacks
|